Indiscriminate havens and specialist sectors (Record no. 83767)
[ view plain ]
| 000 -LEADER | |
|---|---|
| fixed length control field | 00803cab a22001935a 4500 |
| 001 - CONTROL NUMBER | |
| control field | L154973 |
| 008 - FIXED-LENGTH DATA ELEMENTS--GENERAL INFORMATION | |
| fixed length control field | 120213s2012 xxk 000 0 eng d |
| 035 ## - SYSTEM CONTROL NUMBER | |
| System control number | (Sirsi) u154973 |
| 041 0# - LANGUAGE CODE | |
| Language code of text/sound track or separate title | eng |
| 100 1# - MAIN ENTRY--PERSONAL NAME | |
| Personal name | Boettcher, Walter |
| 245 00 - TITLE STATEMENT | |
| Title | Indiscriminate havens and specialist sectors |
| 260 ## - PUBLICATION, DISTRIBUTION, ETC. | |
| Date of publication, distribution, etc. | 2012 |
| 490 #0 - SERIES STATEMENT | |
| Series statement | Sustainablebuilding inc Propertyforecast |
| Volume/sequential designation | (61) January 2012, 12-13(2) |
| 520 ## - SUMMARY, ETC. | |
| Summary, etc. | With UK investors being squeezed out of the main commercial investment areas by foreign interests, recommends looking at specialist property sectors such as automotive and roadside, healthcare, hotels, licensed and leisure, and recreational, as potential investment targets for UK investors. |
| 590 ## - LOCAL NOTE (RLIN) | |
| Local note | KA |
| 651 #4 - SUBJECT ADDED ENTRY--GEOGRAPHIC NAME | |
| Geographic name | United Kingdom |
| Chronological subdivision | |
| 690 ## - LOCAL SUBJECT ADDED ENTRY--TOPICAL TERM (OCLC, RLIN) | |
| Topical term or geographic name as entry element | Commercial property |
| 9 (RLIN) | 6227 |
| 942 ## - ADDED ENTRY ELEMENTS (KOHA) | |
| Suppress in OPAC | 0 |
| Withdrawn status | Lost status | Source of classification or shelving scheme | Damaged status | Not for loan | Home library | Current library | Shelving location | Date acquired | Total Checkouts | Full call number | Barcode | Date last seen | Price effective from | Koha item type |
|---|---|---|---|---|---|---|---|---|---|---|---|---|---|---|
| Dewey Decimal Classification | London | London | Journal article | 13/02/2012 | L154973 | 154973-1001 | 06/08/2019 | 06/08/2019 | Journal |